000 00799nas a2200277 4500
001 BR8003883
003 BR-BrBNA
005 20231205084342.0
007 ta
008 230509b bl.|||p| |||| 00| 00por d
040 _aBR-BrBNA
_bpor
_cBiblioteca Nacional de Agricultura
041 _a(Pt)
072 _aF00; F60
100 1 _aGadelha, R.S. de S.
100 1 _aVasconcellos, H. de O.
245 1 _aMudas de abacaxi do tipo filhote plantados em diferentes posicoes [Ananas comosus]
650 _aABACAXI
650 _aFILHOTE
650 _aMUDA
650 _aMELHORAMENTO VEGETAL
650 _aPLANTIO
650 _aCRESCIMENTO
773 0 _tLavoura (Brazil)
_xISSN 0023-9135
_g(Mar 1980), v. 83 p. 26
_wBR8003883
909 _a202311
_bLúcia
_c55
_dLúcia Elande
942 _2AGRIS
_n0
_cANA
999 _c104665
_d104665